[Event "BL 8182 Frankfurt-Markth'feld"]
[Site "?"]
[Date "1981.??.??"]
[Round "?.5"]
[White "Oechslein, R."]
[Black "Werner, D."]
[Result "1/2-1/2"]
[WhiteElo "2205"]
[BlackElo "2355"]
[PlyCount "101"]
[EventDate "1981.??.??"]

1. e4 e6 2. d4 d5 3. Nc3 Bb4 4. e5 Qd7 5. a3 Bf8 6. Nf3 b6 7. Bd2 Ne7 8. Bd3
Ba6 9. Bxa6 Nxa6 10. Qe2 Nb8 11. a4 Nbc6 12. Nd1 Nf5 13. Qd3 Be7 14. g4 Nh4 15.
Nxh4 Bxh4 16. b4 a6 17. O-O Be7 18. c3 f6 19. f4 O-O 20. Ne3 fxe5 21. dxe5 Rad8
22. Nc2 d4 23. c4 a5 24. b5 Nb8 25. f5 Qc8 26. Rae1 Nd7 27. Qg3 Nc5 28. f6 gxf6
29. Bh6 Rf7 30. exf6 Rxf6 31. Rxf6 Bxf6 32. g5 Bh8 33. g6 Qd7 34. Rf1 Bg7 35.
Rf7 Bxh6 36. Qh4 hxg6 37. Rxd7 Rxd7 38. Qxh6 d3 39. Ne3 d2 40. Nd1 Nxa4 41. Kf2
Nc5 42. Qxg6+ Kf8 43. Ke2 a4 44. h4 a3 45. Qf6+ Ke8 46. Qa1 Rd3 47. h5 Rh3 48.
Qh8+ Kd7 49. Qg7+ Kc8 50. Qg8+ Kd7 51. Qg7+ 1/2-1/2

[Event "BL 8182 Erlangen-Frankfurt"]
[Site "?"]
[Date "1981.??.??"]
[Round "?.1"]
[White "Sosonko, G."]
[Black "Feustel, B."]
[Result "1/2-1/2"]
[WhiteElo "2585"]
[BlackElo "2375"]
[PlyCount "81"]
[EventDate "1981.??.??"]

1. d4 g6 2. c4 Bg7 3. Nc3 d6 4. e4 Nd7 5. Nf3 e6 6. Be2 Ne7 7. O-O O-O 8. Re1
b6 9. Bf4 Bb7 10. Qd2 e5 11. Bh6 Nc6 12. Rad1 Nxd4 13. Nxd4 Bxh6 14. Qxh6 exd4
15. Rxd4 Qf6 16. Red1 Rfe8 17. Nd5 Bxd5 18. cxd5 Nc5 19. f3 a5 20. b3 Re5 21.
Bb5 Rh5 22. Qd2 Rf8 23. Qf2 Re5 24. Qc2 Qf4 25. Qc1 Qxc1 26. Rxc1 f5 27. exf5
Rfxf5 28. Bc4 Kg7 29. Kf2 b5 30. Bxb5 Rxd5 31. Rxd5 Rxd5 32. Rc2 Kf6 33. Be2
Ne6 34. Bc4 Rc5 35. Rd2 Re5 36. g3 Nc5 37. Bd5 Nd7 38. f4 Re7 39. Bc6 Nc5 40.
Rd4 h6 41. h4 1/2-1/2

[Event "BL 8182 Erlangen-Frankfurt"]
[Site "?"]
[Date "1981.??.??"]
[Round "?.2"]
[White "Heidrich, M."]
[Black "Lobron, E."]
[Result "1-0"]
[WhiteElo "2225"]
[BlackElo "2395"]
[PlyCount "157"]
[EventDate "1981.??.??"]

1. e4 c6 2. d4 d5 3. Nd2 dxe4 4. Nxe4 Bf5 5. Ng3 Bg6 6. h4 h6 7. Nf3 Nd7 8. h5
Bh7 9. Bd3 Bxd3 10. Qxd3 Ngf6 11. Bd2 e6 12. Qe2 Be7 13. O-O-O a5 14. Ne5 a4
15. f4 a3 16. b3 Qb6 17. c3 Qa6 18. Qf3 Rd8 19. Rhe1 c5 20. f5 Nxe5 21. dxe5
Nh7 22. f6 gxf6 23. Bxh6 Rxd1+ 24. Rxd1 f5 25. Bg7 Rg8 26. h6 Ng5 27. Qe3 Qc6
28. Qd3 Nh7 29. Nh5 Bg5+ 30. Kb1 Ke7 31. Qd6+ Qxd6 32. Rxd6 Rc8 33. Rd3 c4 34.
Rg3 Rd8 35. bxc4 Bh4 36. Rh3 Bg5 37. Rg3 Rd1+ 38. Kc2 Rh1 39. Nf6 Bh4 40. Ng8+
Ke8 41. Rd3 Rh2 42. Kb3 Rxg2 43. Rh3 Be7 44. Nf6+ Bxf6 45. Bxf6 f4 46. Rf3 Rg4
47. Kxa3 Nxf6 48. exf6 Rh4 49. Kb4 Kd7 50. Kc5 Rh5+ 51. Kd4 Kd6 52. c5+ Rxc5
53. Rh3 Rc8 54. Ke4 e5 55. Rh5 Rc4+ 56. Kd3 Rc8 57. h7 Rh8 58. Ke4 Ke6 59. Rh6
f3 60. Kxf3 Kf5 61. c4 Kg5 62. Rh1 Kxf6 63. Ke4 Kg7 64. c5 f5+ 65. Kxf5 Rf8+
66. Kxe5 Kh8 67. Kd5 Rf4 68. Re1 Rf8 69. Kc4 Ra8 70. Kb5 Rxa2 71. Re8+ Kxh7 72.
Re7+ Kg8 73. Rxb7 Kf8 74. c6 Rc2 75. Kb6 Rb2+ 76. Kc7 Rc2 77. Kd7 Rd2+ 78. Kc8
Ke8 79. c7 1-0

[Event "BL 8182 Erlangen-Frankfurt"]
[Site "?"]
[Date "1981.??.??"]
[Round "?.3"]
[White "Hess, R."]
[Black "Roeder, F."]
[Result "0-1"]
[WhiteElo "2415"]
[BlackElo "2275"]
[PlyCount "58"]
[EventDate "1981.??.??"]

1. d4 Nf6 2. c4 e5 3. dxe5 Ng4 4. e4 Nxe5 5. f4 Ng6 6. Nf3 Bb4+ 7. Nc3 d6 8.
Bd2 Bxc3 9. Bxc3 Nxf4 10. Bxg7 Rg8 11. Bc3 Qe7 12. Qd2 Qxe4+ 13. Kf2 Be6 14. c5
Nc6 15. g3 Ng6 16. Qg5 Nge7 17. Qh6 Nf5 18. Qd2 O-O-O 19. cxd6 Rxd6 20. Qe2 Qd5
21. Qb5 Qe4 22. Qe2 Qg4 23. Ne5 Qg5 24. Bg2 Nfd4 25. Bxd4 Nxd4 26. Qe4 Qd2+ 27.
Kg1 Bd5 28. Bh3+ Kb8 29. Qxh7 Qe3+ 0-1

[Event "BL 8182 Erlangen-Frankfurt"]
[Site "?"]
[Date "1981.??.??"]
[Round "?.4"]
[White "Tischer, G."]
[Black "Podzielny, K."]
[Result "0-1"]
[WhiteElo "2275"]
[BlackElo "2405"]
[PlyCount "90"]
[EventDate "1981.??.??"]

1. d4 Nf6 2. c4 c5 3. Nf3 cxd4 4. Nxd4 a6 5. Nc3 e6 6. e4 Qc7 7. Bd3 Be7 8. O-O
d6 9. Be3 Nbd7 10. Rc1 O-O 11. f4 Re8 12. g4 Nf8 13. g5 N6d7 14. Nf3 b6 15. Qd2
Bb7 16. Qf2 Rac8 17. f5 Bd8 18. g6 hxg6 19. fxe6 fxe6 20. Qg3 Bf6 21. Bf4 b5
22. cxb5 Qb6+ 23. Qf2 Qxf2+ 24. Kxf2 Nc5 25. Ke2 Bxc3 26. Rxc3 Nxd3 27. Kxd3
Rxc3+ 28. bxc3 e5 29. Be3 axb5 30. Ng5 d5 31. Rf7 dxe4+ 32. Kc2 Bd5 33. Ra7 Rc8
34. Kd2 Rd8 35. Kc2 Nd7 36. a4 bxa4 37. Rxa4 Nf6 38. h3 Bc6 39. Ra6 Bb5 40. Ra5
Bd3+ 41. Kd2 Bc4+ 42. Ke1 Nd5 43. Bc1 Nf4 44. Be3 Rf8 45. Nxe4 Ng2+ 0-1

[Event "BL 8182 Erlangen-Frankfurt"]
[Site "?"]
[Date "1981.??.??"]
[Round "?.5"]
[White "Werner, D."]
[Black "Stoll, J."]
[Result "1/2-1/2"]
[WhiteElo "2355"]
[BlackElo "2225"]
[PlyCount "99"]
[EventDate "1981.??.??"]

1. Nf3 c5 2. e4 Nf6 3. e5 Nd5 4. d4 cxd4 5. Qxd4 e6 6. Bg5 Qc7 7. Bc4 Nc6 8.
Qe4 f6 9. exf6 Nxf6 10. Bxf6 gxf6 11. O-O Ne5 12. Nxe5 Qxe5 13. Qf3 Bd6 14. g3
O-O 15. c3 Rb8 16. Nd2 f5 17. Qh5 b5 18. Rfe1 Qg7 19. Bf1 Bc5 20. Bg2 b4 21.
Nb3 Be7 22. Nd4 Bf6 23. Rad1 Ba6 24. Rd2 Rfc8 25. Red1 bxc3 26. bxc3 Rxc3 27.
Nxf5 exf5 28. Qxf5 Bc8 29. Re1 Kf8 30. Rde2 Ba6 31. Qf4 Rcc8 32. Qd6+ Kg8 33.
Qxa6 Rf8 34. Qxa7 Bd4 35. Bd5+ Kh8 36. Qxb8 Bxf2+ 37. Kg2 Bxe1 38. Re8 Bb4 39.
Rxf8+ Bxf8 40. Qe8 Qe7 41. Qxe7 Bxe7 42. a4 Bb4 43. Kf3 Kg7 44. Ke4 Kf6 45. Kd4
Ke7 46. Kc4 Be1 47. Kb5 Kd6 48. Be4 h6 49. Kb6 Bf2+ 50. Kb5 1/2-1/2

[Event "BL 8182 Erlangen-Frankfurt"]
[Site "?"]
[Date "1981.??.??"]
[Round "?.8"]
[White "Hommel, G."]
[Black "Fahnenschmidt, G."]
[Result "1/2-1/2"]
[WhiteElo "2240"]
[BlackElo "2325"]
[PlyCount "65"]
[EventDate "1981.??.??"]

1. Nf3 d5 2. d4 Nf6 3. g3 c6 4. Bg2 Bf5 5. c3 e6 6. Qb3 Qb6 7. Nbd2 h6 8. Ne5
Be7 9. O-O O-O 10. f3 Nbd7 11. e4 Bh7 12. Nxd7 Nxd7 13. Re1 Rfe8 14. Nf1 a5 15.
Bd2 Qa7 16. a4 Rad8 17. Ne3 Nb6 18. Qa2 e5 19. exd5 exd4 20. cxd4 Nxd5 21. Nxd5
cxd5 22. Kh1 Qb6 23. Bc3 Bd3 24. Re3 Bf5 25. Rae1 Kf8 26. Re5 Be6 27. f4 Bf6
28. R5e2 Bxd4 29. f5 Bxf5 30. Rxe8+ Rxe8 31. Rxe8+ Kxe8 32. Qxd5 Bxc3 33. Qxf5
1/2-1/2

[Event "BL 8182 Markth'feld-Kettig"]
[Site "?"]
[Date "1981.??.??"]
[Round "?.1"]
[White "Weidemann, J."]
[Black "Goehring, K."]
[Result "0-1"]
[WhiteElo "2285"]
[BlackElo "2320"]
[PlyCount "58"]
[EventDate "1981.??.??"]

1. e4 c5 2. c3 Nf6 3. e5 Nd5 4. d4 cxd4 5. cxd4 Nc6 6. Nf3 d6 7. Qb3 e6 8. Bd2
Be7 9. Nc3 O-O 10. Rc1 Na5 11. Qc2 Bd7 12. h4 Rc8 13. Bd3 h6 14. a3 Nc4 15.
Bxh6 gxh6 16. Rh3 f5 17. exf6 Rxf6 18. Ne4 Ne5 19. Nxf6+ Bxf6 20. Bh7+ Kh8 21.
Qd2 Rxc1+ 22. Qxc1 Nxf3+ 23. Rxf3 Kxh7 24. Qc2+ Kh8 25. Qg6 Qf8 26. g4 Qg7 27.
Qh5 Qh7 28. Kf1 Bc6 29. Kg1 Nf4 0-1

[Event "BL 8182 Markth'feld-Kettig"]
[Site "?"]
[Date "1981.??.??"]
[Round "?.2"]
[White "Bartsch, B."]
[Black "Marian, R."]
[Result "0-1"]
[WhiteElo "2265"]
[BlackElo "2250"]
[PlyCount "72"]
[EventDate "1981.??.??"]

1. e4 c6 2. Nc3 d5 3. d4 dxe4 4. Nxe4 Nf6 5. Ng3 c5 6. Nf3 e6 7. Bb5+ Bd7 8.
Bxd7+ Qxd7 9. O-O Nc6 10. dxc5 Qxd1 11. Rxd1 Bxc5 12. Bg5 Be7 13. Rd2 Rd8 14.
Rxd8+ Kxd8 15. c4 Kc8 16. Rd1 h6 17. Bc1 Rd8 18. Rxd8+ Kxd8 19. a3 Nd7 20. Kf1
Na5 21. Nd2 Ne5 22. c5 Nd3 23. Ne2 Bg5 24. f4 Bxf4 25. Nxf4 Nxf4 26. Ne4 Nd3
27. Bd2 Nc4 28. Bc3 f5 29. Ng3 g6 30. b3 Nxa3 31. Bg7 h5 32. Bf8 Nb5 33. Ne2
Ke8 34. c6 bxc6 35. Bh6 Kf7 36. Be3 e5 0-1

[Event "BL 8182 Bayern-Zähringen"]
[Site "?"]
[Date "1981.??.??"]
[Round "?.2"]
[White "Saacke, B."]
[Black "Herbrechtsmeier, C."]
[Result "1/2-1/2"]
[WhiteElo "2395"]
[BlackElo "2330"]
[PlyCount "82"]
[EventDate "1981.??.??"]

1. d4 d5 2. g3 Nf6 3. Bg2 g6 4. Nf3 Bg7 5. O-O O-O 6. Ne5 c6 7. c4 dxc4 8. Na3
c3 9. bxc3 Be6 10. Qc2 Nbd7 11. Rd1 Nxe5 12. dxe5 Nd7 13. Rb1 Qc7 14. f4 Nc5
15. e4 Rad8 16. Be3 Qa5 17. Rb4 b6 18. Rxd8 Rxd8 19. Nc4 Qa6 20. Bf1 Qc8 21.
Nd2 f6 22. exf6 exf6 23. Rd4 Bf8 24. Nb3 Bf7 25. Bh3 Qb8 26. Bg2 Ne6 27. Rd2 c5
28. Bf1 Rd6 29. Bc4 Qe8 30. Rxd6 Bxd6 31. Qd3 Qe7 32. Bd5 Nc7 33. c4 Bxd5 34.
exd5 a6 35. Kf2 Kf7 36. Nd2 Qd7 37. Ne4 Ne8 38. Qb3 Qh3 39. Kg1 Qg4 40. Kf2 Qh3
41. Kg1 Qg4 1/2-1/2

[Event "BL 8182 Bayern-Zähringen"]
[Site "?"]
[Date "1981.??.??"]
[Round "?.3"]
[White "Vatter, H."]
[Black "Klundt, K."]
[Result "1/2-1/2"]
[WhiteElo "2230"]
[BlackElo "2395"]
[PlyCount "100"]
[EventDate "1981.??.??"]

1. d4 d5 2. Nc3 Nf6 3. Bg5 c6 4. Bxf6 exf6 5. e3 Bf5 6. Bd3 Bg6 7. Nge2 Bd6 8.
e4 dxe4 9. Nxe4 Bxe4 10. Bxe4 f5 11. Bf3 Nd7 12. Qd3 Qa5+ 13. c3 O-O 14. b4 Qc7
15. Qxf5 Rfe8 16. g3 a5 17. bxa5 Rxa5 18. Qb1 h5 19. O-O h4 20. Re1 Nf6 21. Qc2
Rg5 22. Rab1 Re6 23. c4 Ng4 24. Bxg4 Rxg4 25. c5 hxg3 26. cxd6 gxf2+ 27. Kxf2
Rf6+ 28. Ke3 Qxd6 29. Rb3 Qxh2 30. Kd2 Rxd4+ 31. Kc3 Rd5 32. Kb2 Qe5+ 33. Kb1
Rc5 34. Qd3 Rd6 35. Qh3 Rb5 36. Rh1 Rh6 37. Qc8+ Kh7 38. Rxh6+ Kxh6 39. Qh3+
Kg6 40. Qg4+ Kf6 41. Qh4+ Qg5 42. Qd4+ Ke7 43. Qe4+ Kf8 44. Nd4 Qg1+ 45. Kb2
Qf2+ 46. Nc2 Qf6+ 47. Kc1 Re5 48. Qd3 b5 49. Rc3 g6 50. a3 Rd5 1/2-1/2

[Event "BL 8182 Bayern-Zähringen"]
[Site "?"]
[Date "1981.??.??"]
[Round "?.5"]
[White "Raupp, T."]
[Black "Bischoff, K."]
[Result "1/2-1/2"]
[WhiteElo "2230"]
[BlackElo "2365"]
[PlyCount "76"]
[EventDate "1981.??.??"]

1. c4 g6 2. Nf3 Bg7 3. g3 c5 4. d4 cxd4 5. Nxd4 Nc6 6. Nc2 d6 7. Bg2 Be6 8. Ne3
Qd7 9. Nd5 Rc8 10. Na3 Bh3 11. O-O Bxg2 12. Kxg2 Nf6 13. Rb1 O-O 14. Bf4 Nxd5
15. Qxd5 Nd4 16. Be3 Rc5 17. Qe4 d5 18. cxd5 f5 19. Qd3 Qxd5+ 20. f3 Rfc8 21.
Rbd1 e5 22. Rd2 Qc6 23. Bxd4 exd4 24. e3 dxe3 25. Qxe3 Qb6 26. b3 Qf6 27. Nc4
b6 28. Rfd1 R5c6 29. a4 Re6 30. Qd3 Rce8 31. Qd5 Bf8 32. f4 Kg7 33. Ne5 Rd6 34.
Qb7+ Re7 35. Rxd6 Rxb7 36. Rxf6 Kxf6 37. Nd7+ Ke7 38. Nxf8 Kxf8 1/2-1/2

[Event "BL 8182 Bayern-Zähringen"]
[Site "?"]
[Date "1981.??.??"]
[Round "?.6"]
[White "Schubert, C."]
[Black "Kiefer, G."]
[Result "1-0"]
[WhiteElo "2270"]
[BlackElo "2230"]
[PlyCount "65"]
[EventDate "1981.??.??"]

1. d4 Nf6 2. c4 e6 3. Nc3 Bb4 4. e3 c5 5. Nge2 cxd4 6. exd4 d5 7. c5 Ne4 8. Bd2
Bxc3 9. Nxc3 Nc6 10. Bb5 O-O 11. Bxc6 bxc6 12. O-O Rb8 13. Qc1 Ba6 14. Re1 Nxd2
15. Qxd2 Qa5 16. Re3 Qb4 17. b3 Rfe8 18. Rae1 Qb7 19. f4 Qd7 20. Nd1 Qe7 21.
Nf2 g6 22. Ng4 Qh4 23. Rg3 f6 24. Qd1 f5 25. Ne5 Qxf4 26. Nxg6 Qh6 27. Ne5+ Kf8
28. Nd7+ Ke7 29. Nxb8 Rxb8 30. Qf3 Kd7 31. Rh3 Qg7 32. Qf4 Rg8 33. Rg3 1-0

[Event "BL 8182 Bamberg-Sindelfingen"]
[Site "?"]
[Date "1981.??.??"]
[Round "?.1"]
[White "Darga, K."]
[Black "Hartmann, Wo"]
[Result "1/2-1/2"]
[WhiteElo "2495"]
[BlackElo "2275"]
[PlyCount "46"]
[EventDate "1981.??.??"]

1. c4 c5 2. Nf3 g6 3. d4 Bg7 4. e4 Qa5+ 5. Bd2 Qb6 6. Nc3 cxd4 7. Nd5 Qd8 8.
Bf4 d6 9. Nxd4 Nf6 10. Nxf6+ Bxf6 11. Be3 Qa5+ 12. Qd2 Qxd2+ 13. Kxd2 Nc6 14.
Nb5 O-O 15. Rb1 b6 16. Be2 Bb7 17. Rhd1 Rfd8 18. Ke1 Nb4 19. f3 Nc2+ 20. Kd2
Nxe3 21. Kxe3 Bg5+ 22. f4 Bh6 23. g3 Bc6 1/2-1/2

[Event "BL 8182 Bamberg-Sindelfingen"]
[Site "?"]
[Date "1981.??.??"]
[Round "?.2"]
[White "Kestler, H."]
[Black "Mohrlok, D."]
[Result "1-0"]
[WhiteElo "2405"]
[BlackElo "2425"]
[PlyCount "69"]
[EventDate "1981.??.??"]

1. c4 f5 2. Nf3 Nf6 3. d4 g6 4. g3 Bg7 5. Bg2 O-O 6. O-O d6 7. Nc3 Qe8 8. d5
Na6 9. Nd4 Bd7 10. Bg5 c6 11. Qd2 Nc7 12. Nb3 Rb8 13. Rfe1 Qf7 14. Bf4 Nh5 15.
Bh6 Bxh6 16. Qxh6 e5 17. dxe6 Bxe6 18. c5 Bxb3 19. cxd6 Be6 20. dxc7 Qxc7 21.
Qe3 Qf7 22. Qxa7 Ra8 23. Qb6 Ra6 24. Qb4 f4 25. Rf1 Rd8 26. a3 Bb3 27. Ne4 Bd5
28. Rad1 Qf8 29. Qxb7 Raa8 30. Ng5 Ng7 31. Rxd5 cxd5 32. Bxd5+ Rxd5 33. Qxd5+
Kh8 34. Nf7+ Kg8 35. Nd8+ 1-0

[Event "BL 8182 Zähringen-Bamberg"]
[Site "?"]
[Date "1981.??.??"]
[Round "?.1"]
[White "Hartmann, Wo"]
[Black "Siegel, G."]
[Result "0-1"]
[WhiteElo "2275"]
[BlackElo "2300"]
[PlyCount "60"]
[EventDate "1981.??.??"]

1. e4 c5 2. Nf3 e6 3. d4 cxd4 4. Nxd4 Nf6 5. Nc3 d6 6. Be3 Be7 7. f3 a6 8. Qd2
Qc7 9. g4 b5 10. O-O-O Nc6 11. h4 Bb7 12. g5 Nd7 13. h5 O-O-O 14. Bh3 g6 15.
Kb1 Kb8 16. Nxc6+ Qxc6 17. Bd4 Rhf8 18. Bg7 Rg8 19. h6 Rc8 20. Rc1 Qc5 21. Rhg1
Rc7 22. Bd4 Qb4 23. Qf2 Rgc8 24. a3 Qa5 25. Na2 d5 26. e5 b4 27. Qd2 Rc4 28.
axb4 Bxb4 29. Nxb4 Rxb4 30. b3 Rxb3+ 0-1

[Event "BL 8182 Zähringen-Bamberg"]
[Site "?"]
[Date "1981.??.??"]
[Round "?.2"]
[White "Vatter, H."]
[Black "Kestler, H."]
[Result "0-1"]
[WhiteElo "2230"]
[BlackElo "2405"]
[PlyCount "90"]
[EventDate "1981.??.??"]

1. e4 d6 2. d4 Nf6 3. Nc3 g6 4. f4 Bg7 5. Nf3 O-O 6. Be2 Nc6 7. O-O d5 8. e5
Ne4 9. Be3 Nxc3 10. bxc3 Na5 11. Nd2 Be6 12. Qe1 Qd7 13. Nb3 Nxb3 14. axb3 a5
15. c4 dxc4 16. bxc4 b6 17. Ra3 Bf5 18. Bf3 Rab8 19. Qe2 Qe8 20. g4 Bc8 21. Qg2
e6 22. Rc3 f6 23. c5 fxe5 24. fxe5 Ba6 25. Ra1 Qe7 26. Be2 Bxe2 27. Qxe2 Qd7
28. Qg2 Qb5 29. Rd1 Qb4 30. Qd2 b5 31. Rb3 Qc4 32. Rbb1 a4 33. Qd3 Qd5 34. Rf1
c6 35. Rxf8+ Rxf8 36. Rf1 Rxf1+ 37. Kxf1 Bf8 38. Kf2 Be7 39. Kg3 Qh1 40. Qd2
Qe4 41. Bh6 a3 42. Qc3 a2 43. Bc1 h5 44. gxh5 Bh4+ 45. Kh3 gxh5 0-1

[Event "BL 8182 Zähringen-Bamberg"]
[Site "?"]
[Date "1981.??.??"]
[Round "?.3"]
[White "Ruehrig, V."]
[Black "Schuh, H."]
[Result "1/2-1/2"]
[WhiteElo "2300"]
[BlackElo "2275"]
[PlyCount "135"]
[EventDate "1981.??.??"]

1. c4 c5 2. Nc3 g6 3. g3 Bg7 4. Bg2 Nc6 5. Nf3 d6 6. O-O Nh6 7. a3 Rb8 8. Rb1
Be6 9. Nd5 b5 10. Ng5 Bd7 11. cxb5 Rxb5 12. Ne4 Nf5 13. b4 cxb4 14. Nec3 Rb8
15. axb4 O-O 16. Ba3 a6 17. e3 Na7 18. Qc2 Rc8 19. Rfc1 e6 20. Nf4 Bb5 21. Qd1
Qd7 22. Bb2 Be5 23. Ne4 Qe7 24. d4 Bg7 25. h4 Rxc1 26. Rxc1 Rc8 27. h5 g5 28.
Ne2 Rxc1 29. Nxc1 h6 30. Qc2 Qd8 31. d5 Qc8 32. Qb1 e5 33. Bh3 Bd7 34. Qd3 Nb5
35. Nb3 Ne7 36. Bxd7 Qxd7 37. Ned2 Qg4 38. e4 Qxh5 39. Nc4 Qg4 40. Ne3 Qc8 41.
Na5 h5 42. Qd1 g4 43. Kg2 Bh6 44. Nac4 Bxe3 45. Nxe3 f5 46. Bxe5 fxe4 47. Bf6
Ng6 48. Qa1 Qb7 49. Qc1 Qc7 50. Nc4 Kf7 51. Ba1 h4 52. Qc2 Qe7 53. Ne3 h3+ 54.
Kh1 Qc7 55. Nc4 Qe7 56. Ne3 Qc7 57. Qxe4 Qc1+ 58. Kh2 Qxa1 59. Qe6+ Kg7 60.
Nf5+ Kf8 61. Qxg6 Qb2 62. Qh6+ Ke8 63. Qf4 Qe2 64. Ne3 Nd4 65. Qxd4 Qxf2+ 66.
Kh1 Qe1+ 67. Kh2 Qf2+ 68. Kh1 1/2-1/2

[Event "BL 8182 Zähringen-Bamberg"]
[Site "?"]
[Date "1981.??.??"]
[Round "?.4"]
[White "Raupp, T."]
[Black "Treppner, G."]
[Result "1/2-1/2"]
[WhiteElo "2230"]
[BlackElo "2255"]
[PlyCount "94"]
[EventDate "1981.??.??"]

1. c4 e5 2. Nc3 Nf6 3. Nf3 Nc6 4. g3 Bc5 5. Bg2 d6 6. O-O O-O 7. d3 a6 8. a3 h6
9. b4 Ba7 10. Bb2 Rb8 11. Rc1 Bf5 12. Nd2 Qd7 13. Nd5 Nxd5 14. cxd5 Ne7 15. d4
exd4 16. Nb3 d3 17. e4 Bh3 18. Qxd3 Bb6 19. Nd4 Ng6 20. f4 Qg4 21. Kh1 Rbe8 22.
Nf5 f6 23. Bf3 Nxf4 24. gxf4 Bxf1 25. Rxf1 Qxf4 26. Bg2 Qg4 27. Nd4 Bxd4 28.
Bxd4 Re7 29. Qf3 Qxf3 30. Bxf3 f5 31. exf5 Rxf5 32. Kg2 Ref7 33. Rf2 h5 34. Be3
g6 35. Be2 Kg7 36. Rxf5 Rxf5 37. Bf3 Rf8 38. h4 Kf6 39. Bd4+ Kf5 40. Kg3 g5 41.
hxg5 Kxg5 42. Be3+ Kf6 43. Bd4+ Kg5 44. Be3+ Kf6 45. Bd4+ Kg5 46. Be3+ Kf6 47.
Bd4+ Kg5 1/2-1/2

[Event "BL 8182 Sindelfingen-Bayern"]
[Site "?"]
[Date "1981.??.??"]
[Round "?.1"]
[White "Westermeier, A."]
[Black "Darga, K."]
[Result "0-1"]
[WhiteElo "2320"]
[BlackElo "2495"]
[PlyCount "46"]
[EventDate "1981.??.??"]

1. e4 e6 2. d4 d5 3. e5 c5 4. dxc5 Nc6 5. Nf3 Bxc5 6. Bd3 f6 7. Qe2 fxe5 8.
Nxe5 Nxe5 9. Qxe5 Nf6 10. Bb5+ Kf7 11. Qe2 Rf8 12. O-O Kg8 13. Nd2 e5 14. h3 a6
15. Ba4 e4 16. c4 b5 17. cxb5 Qe8 18. Nb3 Bd6 19. Re1 Qg6 20. Qe3 Bd7 21. Nd4
Rac8 22. Bb3 axb5 23. Qg5 Rxc1 0-1

[Event "BL 8182 Sindelfingen-Bayern"]
[Site "?"]
[Date "1981.??.??"]
[Round "?.2"]
[White "Mohrlok, D."]
[Black "Saacke, B."]
[Result "1/2-1/2"]
[WhiteElo "2425"]
[BlackElo "2395"]
[PlyCount "101"]
[EventDate "1981.??.??"]

1. c4 e6 2. Nf3 d5 3. g3 Nf6 4. b3 Be7 5. Bb2 O-O 6. Bg2 c5 7. O-O Nc6 8. e3 b6
9. Nc3 dxc4 10. bxc4 Bb7 11. Qe2 Qc7 12. Rfd1 a6 13. Rab1 Rab8 14. Ba1 Rfd8 15.
d3 Ne8 16. Ne1 Bf6 17. f4 Ne7 18. g4 Bxg2 19. Qxg2 Nc6 20. g5 Be7 21. Ne4 Bf8
22. Nf3 Nd6 23. Nxd6 Bxd6 24. Qb2 Bf8 25. a4 Rb7 26. h4 Nb4 27. Ne5 b5 28. axb5
axb5 29. cxb5 Rxb5 30. h5 Ra5 31. Qb3 Nd5 32. Nc4 Raa8 33. Qb7 Ra7 34. Qxc7
Rxc7 35. Kf2 Ra7 36. Be5 Nb4 37. Ke2 Be7 38. Ra1 Rb7 39. Rd2 f6 40. gxf6 gxf6
41. Bc3 Nd5 42. Ba5 Ra8 43. Rg1+ Kf7 44. Rc2 Rb5 45. Bd2 Nb4 46. Rb2 Rbb8 47.
e4 Nc6 48. Rxb8 Nd4+ 49. Ke3 Nc2+ 50. Ke2 Rxb8 51. Bc3 1/2-1/2

[Event "BL 8182 SKJE-Zähringen"]
[Site "?"]
[Date "1981.??.??"]
[Round "?.1"]
[White "Siegel, G."]
[Black "Stein, B."]
[Result "1/2-1/2"]
[WhiteElo "2300"]
[BlackElo "2295"]
[PlyCount "137"]
[EventDate "1981.??.??"]

1. Nf3 Nf6 2. g3 d6 3. Bg2 e5 4. c4 c6 5. Nc3 Nbd7 6. O-O Be7 7. d4 O-O 8. e4
a6 9. h3 b5 10. cxb5 axb5 11. Qc2 Bb7 12. Rd1 Qb8 13. Be3 Re8 14. dxe5 dxe5 15.
a4 h6 16. Nh4 Bf8 17. Nf5 Rc8 18. Bf1 Nc5 19. f3 Ne6 20. axb5 Rxa1 21. Rxa1
cxb5 22. Qb3 b4 23. Nb5 Nc5 24. Qxb4 Ncxe4 25. Ne7+ Bxe7 26. Qxe7 Nd5 27. Ba7
Nxe7 28. Bxb8 Ng5 29. Bc7 Nd5 30. Ra7 Bc6 31. Bc4 Nxc7 32. Rxc7 Rxc7 33. Nxc7
Nxf3+ 34. Kf2 Ng5 35. b4 Ne4+ 36. Ke1 Nd6 37. Ba6 Kf8 38. b5 Be4 39. b6 Ke7 40.
Ke2 Kd7 41. Ke3 Bc6 42. g4 Nc8 43. Ne8 Kxe8 44. Bxc8 Kd8 45. Bf5 g6 46. Bd3 Kd7
47. Ba6 Kd6 48. Kf2 Bd5 49. Bb5 Kc5 50. Bd3 Kxb6 51. h4 Kc5 52. Ke3 Kd6 53. g5
hxg5 54. hxg5 Be6 55. Bc2 Bf5 56. Bd1 f6 57. gxf6 Ke6 58. Kf3 Kxf6 59. Be2 Be6
60. Bf1 Bd5+ 61. Kg4 Bh1 62. Bb5 g5 63. Ba6 e4 64. Be2 e3 65. Bd3 Bd5 66. Be2
Be4 67. Bb5 Kg6 68. Ba6 Kh6 69. Bb5 1/2-1/2

[Event "BL 8182 SKJE-Zähringen"]
[Site "?"]
[Date "1981.??.??"]
[Round "?.4"]
[White "Fehrig, A."]
[Black "Schuh, H."]
[Result "0-1"]
[WhiteElo "2215"]
[BlackElo "2275"]
[PlyCount "76"]
[EventDate "1981.??.??"]

1. e4 c5 2. Nf3 d6 3. c3 Nf6 4. h3 g6 5. Bd3 Bg7 6. O-O O-O 7. Bc2 Na6 8. Re1
b5 9. d4 Bb7 10. Nbd2 Nd7 11. Qe2 b4 12. Nc4 Rb8 13. Bg5 bxc3 14. bxc3 Nc7 15.
Qd2 cxd4 16. cxd4 Ne6 17. Bh6 Bxh6 18. Qxh6 d5 19. Ncd2 dxe4 20. Nxe4 Bd5 21.
Bb3 Nf6 22. Nxf6+ exf6 23. Bxd5 Qxd5 24. Qd2 Rfd8 25. Red1 a5 26. Rab1 a4 27.
Qc2 a3 28. Rd3 Qf5 29. Rxb8 Rxb8 30. Qd1 Rb2 31. g3 Rxa2 32. d5 Nc5 33. Rd4 Rb2
34. Kg2 a2 35. Qa1 Qb1 36. Rd1 Qxa1 37. Rxa1 Nb3 38. d6 Nxa1 0-1

[Event "BL 8182 Zähringen-HSK"]
[Site "?"]
[Date "1981.??.??"]
[Round "?.1"]
[White "Huebner, R."]
[Black "Siegel, G."]
[Result "1/2-1/2"]
[WhiteElo "2640"]
[BlackElo "2300"]
[PlyCount "59"]
[EventDate "1981.??.??"]

1. e4 c5 2. Nf3 e6 3. d4 cxd4 4. Nxd4 Nf6 5. Nc3 d6 6. g4 h6 7. Bg2 Nc6 8. h3
Bd7 9. Nde2 Qc7 10. f4 a6 11. Be3 Na5 12. Bf2 Nc4 13. b3 Na3 14. O-O Bc6 15.
Qc1 d5 16. exd5 Nxd5 17. Nxd5 Bxd5 18. Bxd5 exd5 19. Qe3+ Be7 20. Rad1 O-O-O
21. Qb6 Rhe8 22. Rd2 Bd6 23. Rfd1 Nb5 24. a4 Rxe2 25. axb5 Rxd2 26. Rxd2 Bxf4
27. Re2 Qxb6 28. Bxb6 Bc7 29. Bd4 f6 30. Re7 1/2-1/2

[Event "BL 8182 Zähringen-HSK"]
[Site "?"]
[Date "1981.??.??"]
[Round "?.2"]
[White "Herbrechtsmeier, C."]
[Black "Chandler, M."]
[Result "1/2-1/2"]
[WhiteElo "2330"]
[BlackElo "2535"]
[PlyCount "65"]
[EventDate "1981.??.??"]

1. e4 c6 2. d4 d5 3. e5 Bf5 4. Nc3 e6 5. g4 Bg6 6. Nge2 c5 7. Be3 cxd4 8. Nxd4
Nc6 9. f4 Bb4 10. a3 Bxc3+ 11. bxc3 Be4 12. Rg1 Nge7 13. Bd3 O-O 14. Bxe4 dxe4
15. Nxc6 Nxc6 16. Qxd8 Rfxd8 17. Ke2 Ne7 18. Bd4 Nd5 19. f5 Rac8 20. Rg3 e3 21.
Rxe3 Nxe3 22. Kxe3 b6 23. Rb1 Kf8 24. Rb4 Ke7 25. a4 Rd5 26. c4 Rd7 27. c3 f6
28. exf6+ gxf6 29. fxe6 Kxe6 30. a5 bxa5 31. Ra4 Kf7 32. Rxa5 Rxc4 33. Ra6
1/2-1/2

[Event "BL 8182 Zähringen-HSK"]
[Site "?"]
[Date "1981.??.??"]
[Round "?.3"]
[White "Cordes, H."]
[Black "Vatter, H."]
[Result "1-0"]
[WhiteElo "2280"]
[BlackElo "2230"]
[PlyCount "77"]
[EventDate "1981.??.??"]

1. d4 Nf6 2. c4 d6 3. Nc3 e5 4. Nf3 Nbd7 5. e4 g6 6. Be2 Bg7 7. O-O O-O 8. Re1
c6 9. Bf1 Ng4 10. h3 exd4 11. Nxd4 Qb6 12. hxg4 Bxd4 13. Qd2 Bg7 14. Qc2 Ne5
15. Be3 Qd8 16. f3 Be6 17. c5 dxc5 18. Bxc5 Qh4 19. Bf2 Qf6 20. Rad1 h5 21.
gxh5 Qg5 22. Be2 Bh3 23. g3 Qxh5 24. g4 Qh7 25. Bg3 f5 26. exf5 Kh8 27. Rd6
gxf5 28. Qd2 Nf7 29. Rd7 b5 30. Bd3 Qh6 31. Qxh6+ Nxh6 32. Ree7 Rf7 33. Rxf7
Nxf7 34. Rxf7 fxg4 35. Bf5 Rd8 36. Rd7 Re8 37. fxg4 a5 38. Ne4 Kg8 39. Ng5 1-0